000 00395nab a2200145Ia 4500
003 ES-SlBCS
005 20210601124259.0
008 140529s1956 xxu||||| |||| 00| 0 eng d
041 _aeng
100 1 _aDoherty, Gregory
_9139035
245 0 0 _aGod Father
_c Gregory Doherty
650 0 4 _aDios Padre
_9126635
773 0 _tDominicana
_gvol. 41, nº. 4, 1956, págs. 342-345
_wRev1398
942 _cAR
999 _c512243
_d512243